Flagi miast województwa opolskiego - Statystyki

Ogólne statystyki
  • Ten quiz został rozwiązany 77 razy
  • Średni wynik to 13 z 20
Statystyki odpowiedzi
Obrazkowy Odpowiedź % Poprawnych
Opole
97%
Kędzierzyn Koźle
84%
Nysa
84%
Brzeg
83%
Namysłów
78%
Strzelce Opolskie
77%
Głuchołazy
75%
Kluczbork
75%
Krapkowice
72%
Olesno
72%
Prudnik
70%
Głubczyce
64%
Niemodlin
56%
Głogówek
47%
Byczyna
39%
Lewin Brzeski
39%
Zdzieszowice
38%
Dobrodzień
36%
Praszka
36%
Kietrz
34%
Nie znaleziono quizów pasujących do podanych kryteriów
Rozkład punktacji
Procent ludzi z każdym wynikiem
Percentyl według liczby udzielonych odpowiedzi
Twoja historia wyników
Nie rozwiązałeś tego quizu